000 00553nam a2200217Ia 4500
003 OSt
005 20230605125808.0
008 210423s2017 xx 000 0 und d
020 _a978-93-88319-13-5
040 _cAL
041 _aeng
082 _a338.9 VYAS
100 _aVYAS (Hitesh D)
_9119632
245 _aSustainable development
260 _aJaipur
_bParadise publishers
_c2017
300 _aV, 240
_bHB
365 _b1295
_cINR
650 _aEconomics of Development
_9119633
906 _adevelopment ; Sustainable
942 _2ddc
_cBK
999 _c176646
_d176646